[Event "Russian Rapid Championship (w)"]
[Site "Sochi"]
[Date "2022.10.15"]
[Round "1.1"]
[White "Kuznetsova, Marina"]
[Black "Pogonina, Natalija"]
[Result "1/2-1/2"]
[BlackElo "2466"]
[WhiteElo "2008"]
[LiveChessVersion "1.4.8"]

1. e4 {[%clk 0:15:18]} e5 {[%clk 0:15:18]} 2. Nf3 {[%clk 0:15:26]} Nc6
{[%clk 0:15:26]} 3. Bb5 {[%clk 0:15:33]} a6 {[%clk 0:15:34]} 4. Ba4
{[%clk 0:15:41]} Nf6 {[%clk 0:15:42]} 5. d3 {[%clk 0:15:49]} d6 {[%clk 0:15:47]}
6. a3 {[%clk 0:14:05]} g6 {[%clk 0:14:49]} 7. h3 {[%clk 0:13:58]} Bg7
{[%clk 0:14:53]} 8. Nc3 {[%clk 0:14:05]} O-O {[%clk 0:14:36]} 9. O-O
{[%clk 0:14:04]} Be6 {[%clk 0:13:41]} 10. Bxc6 {[%clk 0:14:03]} bxc6
{[%clk 0:13:49]} 11. d4 {[%clk 0:14:11]} exd4 {[%clk 0:13:40]} 12. Nxd4
{[%clk 0:14:18]} Bd7 {[%clk 0:13:36]} 13. Re1 {[%clk 0:13:46]} Re8
{[%clk 0:13:35]} 14. Nf3 {[%clk 0:12:17]} Nh5 {[%clk 0:12:29]} 15. g4
{[%clk 0:10:55]} Nf6 {[%clk 0:12:37]} 16. e5 {[%clk 0:10:31]} dxe5
{[%clk 0:11:28]} 17. Rxe5 {[%clk 0:09:58]} Nd5 {[%clk 0:08:36]} 18. Nxd5
{[%clk 0:03:28]} Rxe5 {[%clk 0:03:50]} 19. Nxe5 {[%clk 0:03:21]} Bxe5
{[%clk 0:03:58]} 20. Nf4 {[%clk 0:02:39]} Qe7 {[%clk 0:03:44]} 21. Nd3
{[%clk 0:02:27]} Bd6 {[%clk 0:03:22]} 22. Bf4 {[%clk 0:02:05]} Qf6
{[%clk 0:03:14]} 23. Qd2 {[%clk 0:01:35]} Qh4 {[%clk 0:01:57]} 24. Qe3
{[%clk 0:00:19]} Re8 {[%clk 0:02:00]} 25. Qg3 {[%clk 0:00:15]} Qf6
{[%clk 0:01:27]} 26. Bxd6 {[%clk 0:00:15]} cxd6 {[%clk 0:01:35]} 27. Re1
{[%clk 0:00:19]} Rxe1+ {[%clk 0:01:33]} 28. Nxe1 {[%clk 0:00:27]} Qxb2
{[%clk 0:00:56]} 29. Qxd6 {[%clk 0:00:34]} Be6 {[%clk 0:01:05]} 30. Qb4
{[%clk 0:00:16]} Qa1 {[%clk 0:00:45]} 31. Kh2 {[%clk 0:00:13]} Bd5
{[%clk 0:00:39]} 32. c4 {[%clk 0:00:12]} Be4 {[%clk 0:00:33]} 33. Ng2
{[%clk 0:00:15]} Qe5+ {[%clk 0:00:33]} 34. f4 {[%clk 0:00:18]} Qc7
{[%clk 0:00:35]} 35. Qd2 {[%clk 0:00:17]} c5 {[%clk 0:00:32]} 36. Qe3
{[%clk 0:00:16]} Qc6 {[%clk 0:00:39]} 37. Ne1 {[%clk 0:00:17]} a5
{[%clk 0:00:24]} 38. Nd3 {[%clk 0:00:22]} Bxd3 {[%clk 0:00:22]} 39. Qxd3
{[%clk 0:00:31]} Qb6 {[%clk 0:00:26]} 40. Qe3 {[%clk 0:00:26]} Qc6
{[%clk 0:00:19]} 1/2-1/2

[Event "Russian Rapid Championship (w)"]
[Site "Sochi"]
[Date "2022.10.15"]
[Round "1.2"]
[White "Gunina, Valentina"]
[Black "Gubernatorova, Lyudmila"]
[Result "1/2-1/2"]
[BlackElo "1999"]
[WhiteElo "2421"]
[LiveChessVersion "1.4.8"]

1. d4 {[%clk 0:15:17]} Nf6 {[%clk 0:15:18]} 2. c4 {[%clk 0:15:25]} c5
{[%clk 0:15:26]} 3. d5 {[%clk 0:15:33]} e6 {[%clk 0:15:35]} 4. Nc3
{[%clk 0:15:41]} exd5 {[%clk 0:15:43]} 5. cxd5 {[%clk 0:15:49]} d6
{[%clk 0:15:51]} 6. Nf3 {[%clk 0:15:56]} g6 {[%clk 0:15:59]} 7. Nd2
{[%clk 0:15:54]} Bg7 {[%clk 0:16:01]} 8. e4 {[%clk 0:16:01]} O-O {[%clk 0:16:04]}
9. Be2 {[%clk 0:16:09]} a6 {[%clk 0:15:50]} 10. a4 {[%clk 0:16:16]} Nbd7
{[%clk 0:15:56]} 11. O-O {[%clk 0:16:23]} Re8 {[%clk 0:15:31]} 12. Ra3
{[%clk 0:16:03]} Rb8 {[%clk 0:15:12]} 13. Re1 {[%clk 0:15:35]} Ne5
{[%clk 0:14:59]} 14. h3 {[%clk 0:15:40]} g5 {[%clk 0:15:03]} 15. Ncb1
{[%clk 0:15:14]} b5 {[%clk 0:13:51]} 16. axb5 {[%clk 0:15:22]} axb5
{[%clk 0:13:59]} 17. Bf1 {[%clk 0:13:11]} Ng6 {[%clk 0:13:00]} 18. Rb3
{[%clk 0:12:06]} Bd7 {[%clk 0:12:57]} 19. g3 {[%clk 0:10:19]} Qe7
{[%clk 0:11:16]} 20. Nf3 {[%clk 0:09:30]} h6 {[%clk 0:09:09]} 21. Rbe3
{[%clk 0:09:07]} Nh7 {[%clk 0:08:48]} 22. b4 {[%clk 0:09:04]} Ne5
{[%clk 0:07:13]} 23. Ba3 {[%clk 0:07:50]} c4 {[%clk 0:07:01]} 24. Nd4
{[%clk 0:07:37]} Qf6 {[%clk 0:06:56]} 25. Bb2 {[%clk 0:07:19]} Qg6
{[%clk 0:06:54]} 26. Nc3 {[%clk 0:06:56]} h5 {[%clk 0:05:39]} 27. Bg2
{[%clk 0:04:50]} Nd3 {[%clk 0:05:21]} 28. Rxd3 {[%clk 0:04:58]} cxd3
{[%clk 0:05:29]} 29. Qxd3 {[%clk 0:05:06]} f5 {[%clk 0:05:10]} 30. Re2
{[%clk 0:04:42]} f4 {[%clk 0:04:36]} 31. Nc6 {[%clk 0:03:46]} Rbc8
{[%clk 0:03:44]} 32. Nxb5 {[%clk 0:03:53]} Bxb2 {[%clk 0:03:20]} 33. Rxb2
{[%clk 0:04:01]} Rxc6 {[%clk 0:03:09]} 34. dxc6 {[%clk 0:04:08]} Bxc6
{[%clk 0:03:09]} 35. Nxd6 {[%clk 0:04:14]} Rd8 {[%clk 0:02:49]} 36. Qc4+
{[%clk 0:04:22]} Kg7 {[%clk 0:02:49]} 37. Rd2 {[%clk 0:04:28]} Rxd6
{[%clk 0:02:34]} 38. Qc3+ {[%clk 0:04:23]} Kh6 {[%clk 0:02:31]} 39. e5
{[%clk 0:03:50]} Rxd2 {[%clk 0:01:40]} 40. Qxd2 {[%clk 0:03:58]} Bxg2
{[%clk 0:01:39]} 41. Kxg2 {[%clk 0:02:27]} Qe4+ {[%clk 0:01:40]} 42. Kh2
{[%clk 0:02:27]} Qxe5 {[%clk 0:01:43]} 43. h4 {[%clk 0:02:29]} fxg3+
{[%clk 0:01:09]} 44. fxg3 {[%clk 0:02:37]} Kg6 {[%clk 0:01:08]} 45. Qd3+
{[%clk 0:01:52]} Kg7 {[%clk 0:01:12]} 46. Qd7+ {[%clk 0:01:58]} Kg6
{[%clk 0:01:17]} 47. Qd3+ {[%clk 0:01:54]} Kg7 {[%clk 0:01:25]} 48. Qd7+
{[%clk 0:01:49]} Kg6 {[%clk 0:01:34]} 49. Qd3+ {[%clk 0:01:58]} Kg7 1/2-1/2

[Event "Russian Rapid Championship (w)"]
[Site "Sochi"]
[Date "2022.10.15"]
[Round "1.3"]
[White "Strutinskaia, Galina"]
[Black "Shuvalova, Polina"]
[Result "1/2-1/2"]
[BlackElo "2392"]
[WhiteElo "1997"]
[LiveChessVersion "1.4.8"]

1. c4 {[%clk 0:15:17]} e6 {[%clk 0:15:06]} 2. Nf3 {[%clk 0:15:05]} Nf6
{[%clk 0:15:14]} 3. d4 {[%clk 0:15:10]} d5 {[%clk 0:15:22]} 4. Nc3
{[%clk 0:15:16]} c5 {[%clk 0:15:29]} 5. cxd5 {[%clk 0:14:52]} exd5
{[%clk 0:15:26]} 6. g3 {[%clk 0:14:26]} Nc6 {[%clk 0:15:33]} 7. Bg2
{[%clk 0:14:34]} cxd4 {[%clk 0:15:40]} 8. Nxd4 {[%clk 0:14:42]} Bc5
{[%clk 0:15:48]} 9. Nb3 {[%clk 0:14:24]} Bb6 {[%clk 0:15:55]} 10. O-O
{[%clk 0:14:25]} d4 {[%clk 0:15:53]} 11. Na4 {[%clk 0:13:56]} O-O
{[%clk 0:16:00]} 12. Nxb6 {[%clk 0:13:30]} axb6 {[%clk 0:16:06]} 13. e4
{[%clk 0:13:14]} Bg4 {[%clk 0:14:26]} 14. f3 {[%clk 0:13:01]} Be6
{[%clk 0:14:33]} 15. Bf4 {[%clk 0:12:02]} h6 {[%clk 0:14:03]} 16. Re1
{[%clk 0:12:00]} Qd7 {[%clk 0:13:52]} 17. Bf1 {[%clk 0:11:55]} Rfd8
{[%clk 0:13:46]} 18. Bb5 {[%clk 0:11:36]} Qe7 {[%clk 0:13:21]} 19. a3
{[%clk 0:11:12]} Rac8 {[%clk 0:11:25]} 20. Nc1 {[%clk 0:10:38]} Na5
{[%clk 0:10:52]} 21. b4 {[%clk 0:10:24]} Nc4 {[%clk 0:10:54]} 22. Nd3
{[%clk 0:10:28]} Bd7 {[%clk 0:08:44]} 23. Bxc4 {[%clk 0:10:03]} Rxc4
{[%clk 0:08:52]} 24. Ne5 {[%clk 0:10:11]} Rcc8 {[%clk 0:07:54]} 25. Qxd4
{[%clk 0:10:02]} Ba4 {[%clk 0:07:04]} 26. Qf2 {[%clk 0:09:22]} g5
{[%clk 0:06:58]} 27. Rac1 {[%clk 0:08:44]} gxf4 {[%clk 0:07:03]} 28. gxf4
{[%clk 0:08:52]} Qe6 {[%clk 0:06:37]} 29. Qh4 {[%clk 0:07:46]} Kh7
{[%clk 0:06:28]} 30. Kh1 {[%clk 0:07:38]} Rxc1 {[%clk 0:04:53]} 31. Rxc1
{[%clk 0:07:46]} Rg8 {[%clk 0:05:01]} 32. Re1 {[%clk 0:06:16]} Bc6
{[%clk 0:04:30]} 33. Rg1 {[%clk 0:04:59]} Rxg1+ {[%clk 0:04:18]} 34. Kxg1
{[%clk 0:05:07]} b5 {[%clk 0:03:36]} 35. Qg3 {[%clk 0:04:11]} Nd7
{[%clk 0:03:38]} 36. Nxd7 {[%clk 0:03:35]} Qxd7 {[%clk 0:03:45]} 37. f5
{[%clk 0:03:43]} Qd4+ {[%clk 0:03:42]} 38. Kg2 {[%clk 0:03:43]} Qg7
{[%clk 0:03:04]} 39. Kh3 {[%clk 0:02:37]} f6 {[%clk 0:01:28]} 40. Qd6
{[%clk 0:02:01]} Be8 {[%clk 0:01:28]} 41. Kh4 {[%clk 0:01:15]} Bf7
{[%clk 0:01:28]} 42. Qe7 {[%clk 0:00:53]} Qg5+ {[%clk 0:00:52]} 43. Kh3
{[%clk 0:01:01]} Kg8 {[%clk 0:00:58]} 44. Qd8+ {[%clk 0:00:45]} Kg7
{[%clk 0:01:06]} 45. Qd6 {[%clk 0:00:49]} h5 {[%clk 0:00:49]} 46. Qg3
{[%clk 0:00:42]} Kh6 {[%clk 0:00:47]} 47. f4 {[%clk 0:00:35]} Qg7
{[%clk 0:00:21]} 48. Kh4 {[%clk 0:00:20]} Qh8 {[%clk 0:00:14]} 49. e5
{[%clk 0:00:26]} Qg7 {[%clk 0:00:12]} 50. exf6 {[%clk 0:00:15]} Qxf6+
{[%clk 0:00:14]} 51. Qg5+ {[%clk 0:00:25]} Qxg5+ {[%clk 0:00:23]} 52. fxg5+
{[%clk 0:00:34]} Kg7 {[%clk 0:00:32]} 53. g6 {[%clk 0:00:35]} Bxg6
{[%clk 0:00:17]} 54. fxg6 {[%clk 0:00:43]} Kxg6 {[%clk 0:00:26]} 55. Kg3
{[%clk 0:00:46]} Kg5 {[%clk 0:00:33]} 56. h3 {[%clk 0:00:34]} Kf5
{[%clk 0:00:30]} 57. Kh4 {[%clk 0:00:39]} Kg6 {[%clk 0:00:40]} 58. Kg3
{[%clk 0:00:48]} Kg5 {[%clk 0:00:49]} 59. Kf3 {[%clk 0:00:50]} Kf5
{[%clk 0:00:52]} 60. Kg3 {[%clk 0:00:56]} 1/2-1/2

[Event "Russian Rapid Championship (w)"]
[Site "Sochi"]
[Date "2022.10.15"]
[Round "1.4"]
[White "Girya, Olga"]
[Black "Serditykh, Olesya"]
[Result "1-0"]
[BlackElo "1990"]
[WhiteElo "2298"]
[LiveChessVersion "1.4.8"]

1. d4 {[%clk 0:15:19]} d5 {[%clk 0:15:17]} 2. c4 {[%clk 0:15:28]} e6
{[%clk 0:15:25]} 3. Nc3 {[%clk 0:15:32]} Nf6 {[%clk 0:15:28]} 4. cxd5
{[%clk 0:15:39]} exd5 {[%clk 0:15:36]} 5. Bg5 {[%clk 0:15:46]} c6
{[%clk 0:15:35]} 6. e3 {[%clk 0:15:51]} Be7 {[%clk 0:15:22]} 7. Qc2
{[%clk 0:15:58]} Nbd7 {[%clk 0:14:40]} 8. Nf3 {[%clk 0:16:00]} O-O
{[%clk 0:13:33]} 9. Bd3 {[%clk 0:16:07]} h6 {[%clk 0:13:39]} 10. Bh4
{[%clk 0:15:58]} Re8 {[%clk 0:13:29]} 11. O-O {[%clk 0:15:47]} Ne4
{[%clk 0:12:40]} 12. Bxe4 {[%clk 0:15:55]} Bxh4 {[%clk 0:10:10]} 13. Bh7+
{[%clk 0:16:03]} Kh8 {[%clk 0:10:19]} 14. Nxh4 {[%clk 0:16:11]} Qxh4
{[%clk 0:10:27]} 15. Bd3 {[%clk 0:16:19]} Nf6 {[%clk 0:09:55]} 16. Rae1
{[%clk 0:16:20]} Bd7 {[%clk 0:08:04]} 17. f3 {[%clk 0:16:22]} Rac8
{[%clk 0:07:23]} 18. Qf2 {[%clk 0:16:20]} Qxf2+ {[%clk 0:06:59]} 19. Kxf2
{[%clk 0:16:27]} c5 {[%clk 0:07:00]} 20. dxc5 {[%clk 0:16:23]} Rxc5
{[%clk 0:07:07]} 21. Rc1 {[%clk 0:15:58]} Rec8 {[%clk 0:06:53]} 22. h4
{[%clk 0:15:17]} Kg8 {[%clk 0:05:33]} 23. Rg1 {[%clk 0:10:20]} Kf8
{[%clk 0:02:37]} 24. g4 {[%clk 0:10:10]} g5 {[%clk 0:02:35]} 25. hxg5
{[%clk 0:09:32]} hxg5 {[%clk 0:02:43]} 26. Rh1 {[%clk 0:08:45]} Ke7
{[%clk 0:02:13]} 27. Ke2 {[%clk 0:08:53]} b5 {[%clk 0:02:17]} 28. a3
{[%clk 0:08:33]} a5 {[%clk 0:01:48]} 29. Kd2 {[%clk 0:08:39]} b4 {[%clk 0:01:04]}
30. axb4 {[%clk 0:08:47]} axb4 {[%clk 0:01:12]} 31. Na2 {[%clk 0:08:18]} Rxc1
{[%clk 0:00:59]} 32. Nxc1 {[%clk 0:08:20]} Be6 {[%clk 0:00:49]} 33. Bc2
{[%clk 0:07:02]} Rd8 {[%clk 0:00:37]} 34. Nd3 {[%clk 0:06:55]} b3
{[%clk 0:00:22]} 35. Bxb3 {[%clk 0:06:50]} d4 {[%clk 0:00:30]} 36. Bxe6
{[%clk 0:06:53]} dxe3+ {[%clk 0:00:38]} 37. Kxe3 {[%clk 0:07:01]} Kxe6
{[%clk 0:00:47]} 38. Rc1 {[%clk 0:06:30]} Nd5+ {[%clk 0:00:54]} 39. Ke2
{[%clk 0:06:27]} Rb8 {[%clk 0:00:49]} 40. Kd2 {[%clk 0:05:42]} Kd6
{[%clk 0:00:35]} 41. Ra1 {[%clk 0:05:08]} Rh8 {[%clk 0:00:19]} 42. Ra6+
{[%clk 0:05:13]} Ke7 {[%clk 0:00:27]} 43. Ra7+ {[%clk 0:05:08]} Kf6
{[%clk 0:00:36]} 44. Nc5 {[%clk 0:04:09]} Rh2+ {[%clk 0:00:29]} 45. Kc1
{[%clk 0:04:17]} Nf4 {[%clk 0:00:20]} 46. Ne4+ {[%clk 0:04:03]} Ke5
{[%clk 0:00:18]} 47. Rd7 {[%clk 0:03:20]} Ne2+ {[%clk 0:00:19]} 48. Kb1
{[%clk 0:03:13]} f5 {[%clk 0:00:14]} 49. Nxg5 {[%clk 0:02:06]} fxg4
{[%clk 0:00:17]} 50. fxg4 {[%clk 0:02:15]} Kf4 {[%clk 0:00:25]} 51. Ne6+
{[%clk 0:02:01]} Kxg4 {[%clk 0:00:32]} 52. Ka2 {[%clk 0:01:43]} Kf5
{[%clk 0:00:33]} 53. Nd4+ {[%clk 0:01:46]} Nxd4 {[%clk 0:00:37]} 54. Rxd4
{[%clk 0:01:55]} Ke5 {[%clk 0:00:45]} 55. Rd8 {[%clk 0:01:54]} Rh7
{[%clk 0:00:39]} 56. b4 {[%clk 0:01:57]} Rb7 {[%clk 0:00:23]} 57. Kb3
{[%clk 0:02:06]} Rc7 {[%clk 0:00:22]} 58. b5 {[%clk 0:02:14]} Rc1
{[%clk 0:00:27]} 59. Kb4 {[%clk 0:02:22]} Rb1+ {[%clk 0:00:30]} 60. Kc5
{[%clk 0:02:31]} Rc1+ {[%clk 0:00:37]} 61. Kb6 {[%clk 0:02:40]} Ke6
{[%clk 0:00:38]} 62. Kb7 {[%clk 0:02:43]} Kd5 1-0

[Event "Russian Rapid Championship (w)"]
[Site "Sochi"]
[Date "2022.10.15"]
[Round "1.5"]
[White "Shvedova, Alexandra"]
[Black "Voit, Daria"]
[Result "0-1"]
[BlackElo "2297"]
[WhiteElo "1990"]
[LiveChessVersion "1.4.8"]

1. e4 {[%clk 0:15:18]} e5 {[%clk 0:15:17]} 2. Nf3 {[%clk 0:15:26]} Nc6
{[%clk 0:15:25]} 3. Bc4 {[%clk 0:15:33]} Nf6 {[%clk 0:15:33]} 4. d3
{[%clk 0:15:40]} Bc5 {[%clk 0:15:41]} 5. O-O {[%clk 0:15:47]} O-O
{[%clk 0:15:48]} 6. h3 {[%clk 0:15:51]} h6 {[%clk 0:15:38]} 7. c3
{[%clk 0:15:44]} d5 {[%clk 0:15:35]} 8. exd5 {[%clk 0:15:44]} Nxd5
{[%clk 0:15:42]} 9. Re1 {[%clk 0:15:28]} Nb6 {[%clk 0:12:59]} 10. Bb5
{[%clk 0:12:51]} f6 {[%clk 0:12:54]} 11. Nbd2 {[%clk 0:08:04]} Qd5
{[%clk 0:08:25]} 12. Qb3 {[%clk 0:05:25]} Rd8 {[%clk 0:06:29]} 13. Nc4
{[%clk 0:02:42]} Bf5 {[%clk 0:03:39]} 14. Be3 {[%clk 0:01:05]} Bxe3
{[%clk 0:02:31]} 15. Rxe3 {[%clk 0:01:13]} Kh8 {[%clk 0:02:05]} 16. Nxb6
{[%clk 0:00:42]} Qxb3 {[%clk 0:02:00]} 17. axb3 {[%clk 0:00:50]} axb6
{[%clk 0:02:08]} 18. Rxa8 {[%clk 0:00:26]} Rxa8 {[%clk 0:02:17]} 19. g4
{[%clk 0:00:17]} Bg6 {[%clk 0:02:08]} 20. b4 {[%clk 0:00:14]} Ra1+
{[%clk 0:02:03]} 21. Re1 {[%clk 0:00:17]} Rxe1+ {[%clk 0:01:48]} 22. Nxe1
{[%clk 0:00:25]} Nd8 {[%clk 0:01:57]} 23. Bc4 {[%clk 0:00:15]} Bf7
{[%clk 0:02:01]} 24. Bxf7 {[%clk 0:00:17]} Nxf7 {[%clk 0:02:10]} 25. h4
{[%clk 0:00:20]} h5 {[%clk 0:01:25]} 26. gxh5 {[%clk 0:00:22]} Kh7
{[%clk 0:01:35]} 27. f4 {[%clk 0:00:17]} Kh6 {[%clk 0:01:42]} 28. fxe5
{[%clk 0:00:14]} Nxe5 {[%clk 0:01:50]} 29. Kg2 {[%clk 0:00:18]} Kxh5
{[%clk 0:01:56]} 30. Kg3 {[%clk 0:00:27]} g5 {[%clk 0:01:53]} 31. hxg5
{[%clk 0:00:35]} Kxg5 {[%clk 0:02:02]} 32. b3 {[%clk 0:00:32]} f5
{[%clk 0:02:09]} 33. d4 {[%clk 0:00:38]} f4+ {[%clk 0:02:17]} 34. Kg2
{[%clk 0:00:36]} Ng6 {[%clk 0:02:20]} 35. Nd3 {[%clk 0:00:23]} Kf5
{[%clk 0:01:54]} 36. Nf2 {[%clk 0:00:30]} Nh4+ {[%clk 0:02:03]} 37. Kf1
{[%clk 0:00:22]} f3 {[%clk 0:02:11]} 38. c4 {[%clk 0:00:17]} Kf4 {[%clk 0:02:16]}
39. c5 {[%clk 0:00:22]} bxc5 {[%clk 0:01:58]} 40. bxc5 {[%clk 0:00:30]} Nf5
{[%clk 0:02:06]} 41. d5 {[%clk 0:00:27]} Ne3+ {[%clk 0:02:15]} 42. Ke1
{[%clk 0:00:35]} Nxd5 {[%clk 0:02:24]} 43. Kd2 {[%clk 0:00:33]} Nf6
{[%clk 0:02:00]} 44. Kd3 {[%clk 0:00:30]} Ng4 {[%clk 0:02:03]} 45. Nd1
{[%clk 0:00:31]} f2 {[%clk 0:01:56]} 46. Ke2 {[%clk 0:00:24]} Ke4
{[%clk 0:01:24]} 47. Nc3+ {[%clk 0:00:20]} Kf4 {[%clk 0:01:27]} 48. b4
{[%clk 0:00:24]} Kg3 {[%clk 0:01:27]} 49. Ne4+ {[%clk 0:00:28]} Kg2
{[%clk 0:01:34]} 50. Nd2 {[%clk 0:00:26]} c6 {[%clk 0:01:27]} 51. b5
{[%clk 0:00:20]} cxb5 {[%clk 0:01:33]} 52. Kd3 {[%clk 0:00:29]} Ne5+
{[%clk 0:01:29]} 53. Kc3 {[%clk 0:00:33]} Nc4 {[%clk 0:01:33]} 54. Nxc4
{[%clk 0:00:35]} bxc4 {[%clk 0:01:42]} 0-1

[Event "Russian Rapid Championship (w)"]
[Site "Sochi"]
[Date "2022.10.15"]
[Round "1.6"]
[White "Bodnaruk, Anastasia"]
[Black "Kirchei, Viktoriia"]
[Result "1-0"]
[BlackElo "1970"]
[WhiteElo "2278"]
[LiveChessVersion "1.4.8"]

1. e4 {[%clk 0:15:19]} e5 {[%clk 0:15:19]} 2. Nf3 {[%clk 0:15:27]} Nc6
{[%clk 0:15:28]} 3. Bc4 {[%clk 0:15:34]} Bc5 {[%clk 0:15:33]} 4. d3
{[%clk 0:15:42]} Nf6 {[%clk 0:15:36]} 5. Bg5 {[%clk 0:15:50]} Be7
{[%clk 0:13:04]} 6. O-O {[%clk 0:15:24]} O-O {[%clk 0:12:49]} 7. c3
{[%clk 0:15:19]} d6 {[%clk 0:12:25]} 8. a4 {[%clk 0:15:09]} a5 {[%clk 0:11:54]}
9. Nbd2 {[%clk 0:14:51]} Be6 {[%clk 0:11:45]} 10. Re1 {[%clk 0:14:31]} Nd7
{[%clk 0:10:05]} 11. Bxe7 {[%clk 0:14:04]} Qxe7 {[%clk 0:09:13]} 12. d4
{[%clk 0:14:09]} Bg4 {[%clk 0:08:45]} 13. h3 {[%clk 0:13:22]} Bh5
{[%clk 0:08:34]} 14. g4 {[%clk 0:11:50]} Bg6 {[%clk 0:08:42]} 15. d5
{[%clk 0:11:46]} Nd8 {[%clk 0:08:40]} 16. Nf1 {[%clk 0:11:51]} h6
{[%clk 0:06:31]} 17. Ng3 {[%clk 0:11:46]} Kh8 {[%clk 0:06:32]} 18. Qd2
{[%clk 0:09:25]} Qf6 {[%clk 0:06:05]} 19. Kg2 {[%clk 0:08:42]} Nb6
{[%clk 0:04:47]} 20. Bb3 {[%clk 0:08:38]} c6 {[%clk 0:04:39]} 21. h4
{[%clk 0:07:23]} Re8 {[%clk 0:02:15]} 22. c4 {[%clk 0:06:28]} c5 {[%clk 0:02:10]}
23. g5 {[%clk 0:05:25]} hxg5 {[%clk 0:01:28]} 24. hxg5 {[%clk 0:05:19]} Qf4
{[%clk 0:01:14]} 25. Qd3 {[%clk 0:04:03]} Kg8 {[%clk 0:00:31]} 26. Rh1
{[%clk 0:01:34]} f5 {[%clk 0:00:40]} 27. gxf6 {[%clk 0:01:43]} Qxf6
{[%clk 0:00:45]} 28. Nh4 {[%clk 0:01:27]} Nf7 {[%clk 0:00:33]} 29. Bd1
{[%clk 0:01:13]} Rf8 {[%clk 0:00:36]} 30. Nxg6 {[%clk 0:00:45]} Qxg6
{[%clk 0:00:45]} 31. Bh5 {[%clk 0:00:55]} Qg5 {[%clk 0:00:45]} 32. b3
{[%clk 0:00:20]} Nh6 {[%clk 0:00:48]} 33. Qe3 {[%clk 0:00:22]} Rf4
{[%clk 0:00:52]} 34. Raf1 {[%clk 0:00:24]} Raf8 {[%clk 0:01:00]} 35. Be2
{[%clk 0:00:25]} Nd7 {[%clk 0:00:52]} 36. Rh5 {[%clk 0:00:22]} Qg6
{[%clk 0:00:58]} 37. f3 {[%clk 0:00:19]} Nf6 {[%clk 0:01:00]} 38. Rh3
{[%clk 0:00:28]} Nh7 {[%clk 0:01:03]} 39. Qd2 {[%clk 0:00:17]} Ng5
{[%clk 0:01:10]} 40. Rhh1 {[%clk 0:00:24]} Nh7 {[%clk 0:00:39]} 41. Qxa5
{[%clk 0:00:21]} Qg5 {[%clk 0:00:25]} 42. Rh5 {[%clk 0:00:22]} Qg6
{[%clk 0:00:34]} 43. Qc7 {[%clk 0:00:21]} Nf6 {[%clk 0:00:42]} 44. Qxd6
{[%clk 0:00:15]} Nf7 {[%clk 0:00:49]} 45. Qb6 {[%clk 0:00:24]} Ng5
{[%clk 0:00:49]} 46. Rfh1 {[%clk 0:00:23]} Nf7 {[%clk 0:00:33]} 47. Qe6
{[%clk 0:00:25]} Nxh5 {[%clk 0:00:13]} 48. Qxg6 {[%clk 0:00:34]} Rxf3
{[%clk 0:00:12]} 49. Qxh5 {[%clk 0:00:34]} 1-0

[Event "Russian Rapid Championship (w)"]
[Site "Sochi"]
[Date "2022.10.15"]
[Round "1.7"]
[White "Mikheeva, Galina"]
[Black "Garifullina, Leya"]
[Result "1-0"]
[BlackElo "2273"]
[WhiteElo "1959"]
[LiveChessVersion "1.4.8"]

1. e4 {[%clk 0:15:19]} c5 {[%clk 0:15:15]} 2. Nf3 {[%clk 0:15:27]} d6
{[%clk 0:15:23]} 3. Bb5+ {[%clk 0:15:36]} Nd7 {[%clk 0:15:27]} 4. d4
{[%clk 0:15:40]} cxd4 {[%clk 0:15:35]} 5. Nxd4 {[%clk 0:15:48]} Ngf6
{[%clk 0:15:43]} 6. O-O {[%clk 0:15:55]} a6 {[%clk 0:15:50]} 7. Bd3
{[%clk 0:16:03]} Nc5 {[%clk 0:15:53]} 8. Re1 {[%clk 0:16:03]} g6 {[%clk 0:15:49]}
9. c4 {[%clk 0:15:16]} Bg7 {[%clk 0:15:39]} 10. Nc3 {[%clk 0:14:56]} Nxd3
{[%clk 0:13:57]} 11. Qxd3 {[%clk 0:15:02]} O-O {[%clk 0:14:03]} 12. b3
{[%clk 0:12:16]} Nd7 {[%clk 0:13:03]} 13. Bb2 {[%clk 0:11:58]} Nc5
{[%clk 0:13:05]} 14. Qd2 {[%clk 0:11:29]} Bd7 {[%clk 0:11:49]} 15. b4
{[%clk 0:09:40]} Na4 {[%clk 0:08:46]} 16. Nxa4 {[%clk 0:09:23]} Bxa4
{[%clk 0:08:54]} 17. Rac1 {[%clk 0:08:15]} Bd7 {[%clk 0:07:59]} 18. Nb3
{[%clk 0:06:18]} Bxb2 {[%clk 0:07:07]} 19. Qxb2 {[%clk 0:06:26]} Rc8
{[%clk 0:07:14]} 20. Red1 {[%clk 0:04:13]} Qe8 {[%clk 0:06:09]} 21. e5
{[%clk 0:03:49]} dxe5 {[%clk 0:04:51]} 22. Qxe5 {[%clk 0:03:52]} Ba4
{[%clk 0:04:24]} 23. Re1 {[%clk 0:03:07]} Bxb3 {[%clk 0:04:23]} 24. axb3
{[%clk 0:03:15]} e6 {[%clk 0:04:31]} 25. Red1 {[%clk 0:02:57]} Qe7
{[%clk 0:03:48]} 26. Rd6 {[%clk 0:02:14]} Rfd8 {[%clk 0:03:14]} 27. Rcd1
{[%clk 0:02:19]} Rxd6 {[%clk 0:03:21]} 28. Qxd6 {[%clk 0:02:07]} Qxd6
{[%clk 0:02:36]} 29. Rxd6 {[%clk 0:02:15]} Rc7 {[%clk 0:02:45]} 30. f4
{[%clk 0:01:28]} Kf8 {[%clk 0:02:47]} 31. Kf2 {[%clk 0:01:23]} Ke7
{[%clk 0:02:56]} 32. Rd4 {[%clk 0:00:54]} Rc6 {[%clk 0:02:34]} 33. Ke3
{[%clk 0:00:52]} Rb6 {[%clk 0:02:43]} 34. c5 {[%clk 0:00:53]} Rb5
{[%clk 0:01:46]} 35. Kd3 {[%clk 0:00:35]} a5 {[%clk 0:01:52]} 36. Kc3
{[%clk 0:00:14]} axb4+ {[%clk 0:01:44]} 37. Kc4 {[%clk 0:00:22]} Ra5
{[%clk 0:01:52]} 38. Rd2 {[%clk 0:00:20]} Ra8 {[%clk 0:01:11]} 39. Kxb4
{[%clk 0:00:28]} Rd8 {[%clk 0:01:20]} 40. Rxd8 Kxd8 {[%clk 0:01:29]} 41. Kc4
{[%clk 0:00:20]} Kd7 {[%clk 0:01:14]} 42. b4 {[%clk 0:00:27]} f6 {[%clk 0:01:12]}
43. b5 {[%clk 0:00:34]} h5 {[%clk 0:01:19]} 44. g3 {[%clk 0:00:26]} Kc7
{[%clk 0:00:41]} 45. Kd4 {[%clk 0:00:30]} Kd7 {[%clk 0:00:48]} 46. h3
{[%clk 0:00:20]} Ke7 {[%clk 0:00:36]} 47. g4 {[%clk 0:00:15]} h4 {[%clk 0:00:43]}
48. Ke4 {[%clk 0:00:14]} Kd7 {[%clk 0:00:17]} 49. g5 {[%clk 0:00:15]} f5+
{[%clk 0:00:22]} 50. Ke5 {[%clk 0:00:20]} Ke7 {[%clk 0:00:30]} 51. c6
{[%clk 0:00:21]} b6 {[%clk 0:00:39]} 52. c7 {[%clk 0:00:16]} Kd7 {[%clk 0:00:45]}
53. c8=Q+ {[%clk 0:00:21]} Kxc8 {[%clk 0:00:54]} 54. Kxe6 {[%clk 0:00:30]} Kc7
{[%clk 0:01:04]} 55. Ke7 {[%clk 0:00:35]} Kb7 {[%clk 0:01:10]} 56. Kf6
{[%clk 0:00:42]} Kc7 {[%clk 0:01:19]} 57. Kxg6 Kd6 58. Kxf5 {[%clk 0:00:57]} Kc5
{[%clk 0:01:38]} 59. g6 {[%clk 0:01:06]} Kxb5 {[%clk 0:01:47]} 60. g7
{[%clk 0:01:14]} 1-0